[Event "IV Weekend A"]
[Site "Recco ITA"]
[Date "2010.11.28"]
[Round "5"]
[White "Pesce, Gabriele"]
[Black "Astengo, Marcello"]
[Result "1-0"]
[WhiteElo "2179"]
[BlackElo "2070"]
[PlyCount "77"]
[EventDate "2010.11.26"]

1. e4 e6 2. d4 d5 3. Nd2 Nf6 4. e5 Ng8 5. Bd3 c5 6. c3 Bd7 7. Ngf3 Nc6 8. dxc5
Bxc5 9. Nb3 Bb6 10. Qe2 Nce7 11. Be3 Bc7 12. Bd4 Ng6 13. Qe3 Qb8 14. Bxg6 hxg6
15. O-O-O b6 16. Kb1 a5 17. Nbd2 b5 18. Nb3 Ne7 19. Nc5 Bc6 20. g4 b4 21. Ng5
bxc3 22. Qxc3 Bb6 23. Qe3 Nc8 24. Rc1 Bb5 25. f4 Ra7 26. f5 gxf5 27. gxf5 exf5
28. Qb3 Bc4 29. Qa4+ Ke7 30. Rhg1 Rh4 31. Nge6 Rc7 32. Nxc7 Qxc7 33. Qa3 Ke8
34. Rxg7 Ne7 35. Rcg1 Qc6 36. Rg8+ Nxg8 37. Rxg8+ Ke7 38. Ne4+ Ke6 39. Re8+ 1-0

[Event "IV Weekend A"]
[Site "Recco ITA"]
[Date "2010.11.28"]
[Round "5"]
[White "Vicentini, Andrea"]
[Black "Ciccarelli, Marco"]
[Result "1/2-1/2"]
[WhiteElo "1993"]
[BlackElo "1871"]
[PlyCount "30"]
[EventDate "2010.11.26"]

1. e4 c5 2. Nc3 d6 3. g3 Nc6 4. Bg2 g6 5. Nge2 Bg7 6. O-O e6 7. d3 Nge7 8. f4
O-O 9. Be3 Nd4 10. Qd2 Rb8 11. Nd1 b5 12. c3 Nxe2+ 13. Qxe2 b4 14. c4 e5 15.
Rb1 f5 1/2-1/2

[Event "IV Weekend B"]
[Site "Recco ITA"]
[Date "2010.11.26"]
[Round "1"]
[White "Bario, Emilio"]
[Black "Ruo, Andrea"]
[Result "1-0"]
[WhiteElo "1694"]
[BlackElo "1347"]
[PlyCount "85"]
[EventDate "2010.11.26"]

1. d4 e6 2. c4 d5 3. e3 Nf6 4. Nc3 c5 5. Nf3 Nc6 6. Be2 Bd7 7. O-O Qb6 8. a3 a5
9. dxc5 Bxc5 10. Na4 Qa7 11. Nxc5 Qxc5 12. b3 O-O 13. Bb2 Rab8 14. Rc1 dxc4 15.
Bxc4 Qb6 16. Ne5 Nxe5 17. Bxe5 Rbd8 18. Bxf6 gxf6 19. Qg4+ Kh8 20. Rfd1 Qc6 21.
Qd4 Qc5 22. Qd6 Qxd6 23. Rxd6 f5 24. Rcd1 b5 25. Bxb5 Bxb5 26. Rxd8 Rxd8 27.
Rxd8+ Kg7 28. Rd5 Bc6 29. Rxa5 Kg6 30. Ra6 f6 31. Rxc6 h5 32. f4 e5 33. b4 h4
34. h3 Kf7 35. b5 Ke7 36. a4 Kd7 37. a5 Kd8 38. a6 Ke8 39. a7 Kf7 40. a8=Q Kg6
41. Rc7 Kh5 42. Qh8+ Kg6 43. Rg7# 1-0

[Event "IV Weekend B"]
[Site "Recco ITA"]
[Date "2010.11.26"]
[Round "1"]
[White "Brugnolo, Paolo"]
[Black "Rossi Cassani, Gianni"]
[Result "0-1"]
[WhiteElo "1493"]
[BlackElo "1796"]
[PlyCount "106"]
[EventDate "2010.11.26"]

1. e4 g6 2. Nf3 Bg7 3. d4 d6 4. Bb5+ Nd7 5. Nbd2 a6 6. Bc4 e6 7. a3 b5 8. Ba2
c5 9. dxc5 Nxc5 10. O-O Bb7 11. Re1 Qc7 12. Rb1 Rc8 13. b4 Na4 14. c4 Nc3 15.
Qc2 Nxb1 16. Bxb1 bxc4 17. Qa4+ Qc6 18. Qxc6+ Rxc6 19. Bc2 Rc8 20. Nf1 Ne7 21.
Bg5 h6 22. Bf4 Bc3 23. Rd1 e5 24. Bg3 Rd8 25. Ba4+ Bc6 26. Bc2 O-O 27. Ne3 f5
28. Nxc4 f4 29. Bh4 g5 30. Nxg5 hxg5 31. Bxg5 Nc8 32. Bxd8 Rxd8 33. f3 Bd4+ 34.
Kh1 Bb5 35. Na5 Nb6 36. Bb3+ Kf8 37. h3 Rc8 38. Nb7 Rc3 39. Nxd6 Rxb3 40. Nxb5
axb5 41. Rc1 Rc3 42. Ra1 Rxf3 43. gxf3 Bxa1 44. h4 Bb2 45. Kh2 Bxa3 46. Kh3
Bxb4 47. h5 Kg7 48. Kg4 Kh6 49. Kf5 Bc3 50. Ke6 b4 51. Kd6 b3 52. Kc5 b2 53.
Kxb6 b1=Q+ 0-1

[Event "IV Weekend B"]
[Site "Recco ITA"]
[Date "2010.11.26"]
[Round "1"]
[White "Christen, Peter Walter"]
[Black "Sabba, Giorgio"]
[Result "0-1"]
[WhiteElo "1545"]
[BlackElo "1819"]
[PlyCount "50"]
[EventDate "2010.11.26"]

1. e4 e6 2. d4 d5 3. Nc3 Bb4 4. e5 c5 5. Nf3 Nf6 6. Bg5 Nc6 7. g3 Ba5 8. Bb5
Bd7 9. O-O cxd4 10. Nxd4 Nxe5 11. Bxd7+ Qxd7 12. b4 Bxb4 13. Re1 Ba5 14. Ncb5
Neg4 15. Nb3 Qd8 16. Nxa5 Qxa5 17. Nd6+ Ke7 18. Nc4 Qd8 19. Na5 Qd7 20. Qe2
Rac8 21. Rac1 b6 22. Nb3 Rhd8 23. c4 Ne5 24. Qe4 Nd3 25. Nd4 Nxe1 0-1

[Event "IV Weekend B"]
[Site "Recco ITA"]
[Date "2010.11.26"]
[Round "1"]
[White "Drago, Paolo"]
[Black "Diena, Giovanni"]
[Result "1-0"]
[WhiteElo "1675"]
[BlackElo "1844"]
[PlyCount "109"]
[EventDate "2010.11.26"]

1. d4 Nf6 2. c4 e6 3. Nf3 c5 4. d5 exd5 5. cxd5 d6 6. Nc3 Be7 7. e4 O-O 8. Be2
Re8 9. O-O Nbd7 10. Bf4 Bf8 11. Qc2 a6 12. a4 b6 13. Nd2 Ne5 14. Bg5 h6 15. Bh4
Be7 16. f4 Neg4 17. Qd3 Nh7 18. Bg3 Bf6 19. Bf3 Bd4+ 20. Kh1 Nhf6 21. h3 Nh5
22. Bxg4 Bxg4 23. hxg4 Nxg3+ 24. Qxg3 Ra7 25. Rfb1 Rae7 26. Ne2 Bf6 27. Ng1 g5
28. Qh3 Kg7 29. f5 h5 30. Ngf3 Rh8 31. gxh5 Ree8 32. g4 Kh6 33. Qf1 Qa8 34. Qd3
Qb7 35. Nc4 Rd8 36. Ra3 Rhe8 37. Rb3 b5 38. Na5 Qb6 39. Qd2 Rxe4 40. axb5 axb5
41. Rg1 Rde8 42. Nc6 Re2 43. Qc1 Rf2 44. Re1 Rxe1+ 45. Qxe1 c4 46. Rxb5 Qxb5
47. Qxf2 Qxd5 48. Nb4 Qd1+ 49. Kg2 Qb3 50. Nd5 Qxb2 51. Qxb2 Bxb2 52. Kf2 c3
53. Nd4 Kg7 54. Nc2 f6 55. Ke2 1-0

[Event "IV Weekend B"]
[Site "Recco ITA"]
[Date "2010.11.26"]
[Round "1"]
[White "Franchetti Pardo, Niccolo'"]
[Black "Pesce, Leandro"]
[Result "1/2-1/2"]
[WhiteElo "1467"]
[BlackElo "1777"]
[PlyCount "43"]
[EventDate "2010.11.26"]

1. d4 Nf6 2. Bg5 g6 3. c4 Bg7 4. Nc3 O-O 5. e4 d6 6. Be2 Nbd7 7. Qd2 c5 8. Nf3
cxd4 9. Nxd4 Nc5 10. Bxf6 Bxf6 11. O-O a6 12. b4 Nd7 13. Nf3 Rb8 14. Rab1 Bg7
15. Nd5 Nb6 16. Nxb6 Qxb6 17. Rbc1 Be6 18. c5 dxc5 19. bxc5 Qc7 20. Bc4 Bd7 21.
Qe3 Bc6 22. Bb3 1/2-1/2

[Event "IV Weekend B"]
[Site "Recco ITA"]
[Date "2010.11.26"]
[Round "1"]
[White "Gandolfi, Gianfranco"]
[Black "Buselli, Claudio"]
[Result "1-0"]
[WhiteElo "1848"]
[BlackElo "1677"]
[PlyCount "51"]
[EventDate "2010.11.26"]

1. e4 e6 2. d4 d5 3. Nc3 Nf6 4. Bg5 Be7 5. e5 Nfd7 6. Bxe7 Qxe7 7. f4 O-O 8.
Nf3 a6 9. Bd3 h6 10. f5 f6 11. fxe6 Qxe6 12. Qe2 c5 13. Nxd5 Nb6 14. Nc7 Qe7
15. Nxa8 Nxa8 16. Nh4 Qd8 17. Ng6 Re8 18. O-O-O cxd4 19. Qh5 Qd5 20. Nf4 Qxe5
21. Bc4+ Kh7 22. Qg6+ Kh8 23. Qg3 Qe3+ 24. Qxe3 dxe3 25. Rhe1 b5 26. Bf7 1-0

[Event "IV Weekend B"]
[Site "Recco ITA"]
[Date "2010.11.26"]
[Round "1"]
[White "Giostra, Lorenzo"]
[Black "Cavatorta, Ivan"]
[Result "1/2-1/2"]
[WhiteElo "1524"]
[BlackElo "1815"]
[PlyCount "30"]
[EventDate "2010.11.26"]

1. d4 d5 2. c4 c6 3. Nc3 Nf6 4. e3 Bf5 5. Nf3 e6 6. a3 a5 7. c5 Nbd7 8. Bd3
Bxd3 9. Qxd3 Be7 10. O-O O-O 11. Bd2 e5 12. Qc2 Qc7 13. Ne2 e4 14. Ne1 Ng4 15.
Ng3 h5 1/2-1/2

[Event "IV Weekend B"]
[Site "Recco ITA"]
[Date "2010.11.26"]
[Round "1"]
[White "Guarino, Vincenzo"]
[Black "Nanni, Sergio"]
[Result "1-0"]
[WhiteElo "1401"]
[BlackElo "1700"]
[PlyCount "65"]
[EventDate "2010.11.26"]

1. e4 e5 2. Nf3 Nc6 3. d4 exd4 4. Bc4 Be7 5. O-O d6 6. Nxd4 Ne5 7. Be2 Nf6 8.
Nc3 a6 9. f4 Ng6 10. f5 Ne5 11. Nf3 Nc6 12. Nd4 Bd7 13. Bf4 Nxd4 14. Qxd4 c5
15. Qd3 Qb6 16. Kh1 Be6 17. Nd5 Bxd5 18. exd5 O-O 19. b3 Nd7 20. Qg3 Bf6 21.
Rad1 Ne5 22. h4 g6 23. h5 Kg7 24. Bd3 Rh8 25. Rf2 Rag8 26. h6+ Kf8 27. Qh3 g5
28. Bxe5 Bxe5 29. f6 g4 30. Qh5 c4 31. Qf5 Qc5 32. Qd7 Bxf6 33. Rxf6 1-0

[Event "IV Weekend B"]
[Site "Recco ITA"]
[Date "2010.11.26"]
[Round "1"]
[White "Jovanovic, Goran"]
[Black "Bardone, Lorenzo"]
[Result "0-1"]
[WhiteElo "1665"]
[BlackElo "1835"]
[PlyCount "62"]
[EventDate "2010.11.26"]

1. e4 e6 2. d4 d5 3. e5 c5 4. c3 Nc6 5. Nf3 Qb6 6. b3 cxd4 7. Bb2 dxc3 8. Bxc3
Bc5 9. Qd2 d4 10. Bb2 Bb4 11. Nc3 dxc3 12. Bxc3 Bxc3 13. Qxc3 Qb4 14. Rc1 Qxc3+
15. Rxc3 Nge7 16. Bc4 O-O 17. O-O Rd8 18. Re1 b6 19. Bb5 Bb7 20. Ng5 a6 21. Bd3
h6 22. Nf3 Nf5 23. Rc4 Nb4 24. Bb1 Nd3 25. Bxd3 Rxd3 26. h3 Rad8 27. Kh2 Nd4
28. Nh4 g5 29. Rc7 Bd5 30. Re3 Rxe3 31. fxe3 Nb5 0-1

[Event "IV Weekend B"]
[Site "Recco ITA"]
[Date "2010.11.26"]
[Round "1"]
[White "Manini, Paolo"]
[Black "Succi, Adriano"]
[Result "1-0"]
[WhiteElo "1776"]
[BlackElo "1459"]
[PlyCount "57"]
[EventDate "2010.11.26"]

1. d4 d5 2. c4 Nf6 3. cxd5 e6 4. dxe6 Bxe6 5. e3 Nbd7 6. Nc3 c6 7. Bd3 Be7 8.
Nf3 b5 9. a3 Bg4 10. O-O O-O 11. e4 h6 12. Be3 Nb6 13. Qd2 Bxf3 14. gxf3 Nh7
15. Kh1 Ng5 16. Qe2 Nc4 17. Bxc4 bxc4 18. f4 Ne6 19. Qxc4 Qd6 20. e5 Qd7 21.
Rad1 Nc7 22. Rg1 Nd5 23. Nxd5 cxd5 24. Qd3 Kh8 25. f5 f6 26. e6 Qb7 27. Qd2 Kh7
28. Bxh6 gxh6 29. Rg6 1-0

[Event "IV Weekend B"]
[Site "Recco ITA"]
[Date "2010.11.26"]
[Round "1"]
[White "Migliorini, Matteo"]
[Black "Del Canale, Alessandro"]
[Result "1-0"]
[WhiteElo "1789"]
[BlackElo "1482"]
[PlyCount "28"]
[EventDate "2010.11.26"]

1. e4 e5 2. Nf3 d6 3. d4 exd4 4. Qxd4 Nc6 5. Nc3 Nf6 6. Bb5 Bd7 7. Bxc6 Bxc6 8.
Bf4 Be7 9. O-O-O O-O 10. Rhe1 Re8 11. h3 Nh5 12. Bh2 Nf6 13. e5 dxe5 14. Qg4
Qb8 1-0

[Event "IV Weekend B"]
[Site "Recco ITA"]
[Date "2010.11.26"]
[Round "1"]
[White "Neuhold, Piero"]
[Black "Pedemonte, Claudio"]
[Result "0-1"]
[WhiteElo "1638"]
[BlackElo "1834"]
[PlyCount "106"]
[EventDate "2010.11.26"]

1. d4 f5 2. c4 Nf6 3. Nc3 g6 4. e3 Bg7 5. Nf3 d6 6. Be2 O-O 7. O-O Nc6 8. a3 a5
9. d5 Ne5 10. Bd2 e6 11. Qb3 exd5 12. Nxd5 Ne4 13. Bc3 Nxc3 14. Nxc3 c6 15. c5+
d5 16. e4 fxe4 17. Nxe4 Kh8 18. Ng3 Qe7 19. Rac1 Qf6 20. Nd2 Nd7 21. Rc2 a4 22.
Qf3 Qe7 23. Qe3 Qxe3 24. fxe3 Rxf1+ 25. Kxf1 Ra5 26. Bg4 Ra8 27. Nf3 Ne5 28.
Nxe5 Bxe5 29. Bxc8 Rxc8 30. Ke2 Ra8 31. Nf1 Ra5 32. h3 Rb5 33. Nd2 Rxb2 34.
Rxb2 Bxb2 35. Nb1 Kg7 36. Kd3 Kf6 37. Nc3 Bxc3 38. Kxc3 Ke5 39. Kd3 h5 40. g3
g5 41. g4 h4 42. Ke2 Ke4 43. Kf2 Kd3 44. Kf3 Kc4 45. e4 d4 46. Ke2 d3+ 47. Kd2
Kd4 48. e5 Kxe5 49. Kxd3 Kf4 50. Kd2 Kg3 51. Ke2 Kxh3 52. Kf3 Kh2 53. Kf2 h3
0-1

[Event "IV Weekend B"]
[Site "Recco ITA"]
[Date "2010.11.26"]
[Round "1"]
[White "Nicolis, Claudio"]
[Black "Cunsolo, Gianfranco"]
[Result "1-0"]
[WhiteElo "1835"]
[BlackElo "1639"]
[PlyCount "58"]
[EventDate "2010.11.26"]

1. d4 Nf6 2. c4 g6 3. Nc3 Bg7 4. e4 d6 5. f4 O-O 6. Nf3 c5 7. d5 Na6 8. Be2 Nc7
9. O-O a6 10. a4 a5 11. Kh1 Nh5 12. e5 Bg4 13. Be3 Bh6 14. Qd2 e6 15. Rad1 dxe5
16. fxe5 Bxe3 17. Qxe3 exd5 18. cxd5 b6 19. Qh6 Bxf3 20. Bxf3 Qh4 21. Bxh5 Qxh5
22. Qxh5 gxh5 23. Ne4 Rad8 24. Nf6+ Kh8 25. Rf5 Kg7 26. Rg5+ Kh6 27. Rxh5+ Kg6
28. Rd3 Ne6 29. Rg3+ Ng5 1-0

[Event "IV Weekend B"]
[Site "Recco ITA"]
[Date "2010.11.26"]
[Round "1"]
[White "Orlandi, Paolo"]
[Black "Restifo, Katiuscia"]
[Result "0-1"]
[WhiteElo "1605"]
[BlackElo "1829"]
[PlyCount "77"]
[EventDate "2010.11.26"]

1. e4 c5 2. Nf3 e6 3. d4 cxd4 4. Nxd4 a6 5. a3 Qc7 6. Nc3 Nf6 7. Be2 d6 8. f4
Nc6 9. Nb3 Be7 10. Be3 b5 11. O-O O-O 12. Qe1 b4 13. axb4 Nxb4 14. Rc1 Bd7 15.
Qg3 Rfb8 16. Bf3 e5 17. fxe5 dxe5 18. Bg5 Kh8 19. Kh1 Be6 20. Bxf6 Bxf6 21. Nd5
Bxd5 22. exd5 Ra7 23. Be4 Qe7 24. c4 Bg5 25. Rc3 Bf4 26. Qg4 g6 27. Qd1 Rd7 28.
Nc1 Bxc1 29. Rxc1 Nc6 30. Qd2 Nd4 31. Rc3 f5 32. Bb1 Rdb7 33. b3 Nxb3 34. Qa2
Nc5 35. Rg1 Rxb1 36. Rc2 R1b7 37. Rcc1 Nb3 38. d6 Qxd6 39. Qa5 0-1

[Event "IV Weekend B"]
[Site "Recco ITA"]
[Date "2010.11.26"]
[Round "1"]
[White "Pieri, Enzo"]
[Black "Chiappini, Massimo"]
[Result "1-0"]
[WhiteElo "1740"]
[BlackElo "1434"]
[PlyCount "95"]
[EventDate "2010.11.26"]

1. d4 d5 2. Nf3 Nf6 3. e3 Bg4 4. Be2 Nc6 5. Nbd2 e6 6. O-O Bd6 7. c4 Bb4 8. a3
Bxd2 9. Nxd2 Bxe2 10. Qxe2 e5 11. b4 e4 12. cxd5 Qxd5 13. Bb2 O-O-O 14. Rac1 h5
15. Rc5 Qd6 16. Nc4 Qe7 17. b5 Nb8 18. b6 Nc6 19. bxc7 Qxc7 20. Ne5 Ng4 21.
Nxg4 hxg4 22. Qxg4+ Kb8 23. Qg3 Qxg3 24. fxg3 f6 25. Rf4 Rde8 26. h3 Nd8 27. d5
Nf7 28. Bd4 Nd6 29. g4 b6 30. Rc6 Nb5 31. Bxb6 Rc8 32. Bc5 Rxc6 33. dxc6 Re8
34. a4 Nc7 35. Rf1 Nd5 36. Rb1+ Kc7 37. Bxa7 Kxc6 38. a5 Ra8 39. Bb6 Nxb6 40.
axb6 Kb7 41. Kf2 g6 42. Rb4 Re8 43. Kg3 Re5 44. h4 f5 45. g5 Re6 46. Kf4 Rc6
47. g4 fxg4 48. Kxg4 1-0

[Event "IV Weekend B"]
[Site "Recco ITA"]
[Date "2010.11.26"]
[Round "1"]
[White "Porzio, Massimo"]
[Black "Gnetti, Pietro"]
[Result "1-0"]
[WhiteElo "1838"]
[BlackElo "1672"]
[PlyCount "93"]
[EventDate "2010.11.26"]

1. e4 e5 2. Nf3 Nc6 3. Bb5 a6 4. Bxc6 dxc6 5. O-O f6 6. d4 Bg4 7. c3 h6 8. Be3
Bd6 9. Nbd2 Ne7 10. Qb3 b5 11. dxe5 fxe5 12. c4 Be6 13. Qc3 c5 14. cxb5 axb5
15. Bxc5 O-O 16. Bxd6 cxd6 17. Qd3 Rb8 18. Rfd1 Qb6 19. Nf1 Rfd8 20. Qe3 Qa6
21. Rdc1 Rb7 22. Qd2 Qa8 23. Ne3 Ra7 24. a3 Qxe4 25. Rc5 dxc5 26. Qxd8+ Kh7 27.
Qb6 Rb7 28. Qxe6 Ng6 29. Qd5 Qxd5 30. Nxd5 e4 31. Ne1 Rd7 32. Rd1 Kh8 33. Ne3
Rxd1 34. Nxd1 b4 35. axb4 cxb4 36. Nc2 b3 37. Nd4 Kg8 38. Nxb3 Kf7 39. Nc5 Kf6
40. Nxe4+ Ke5 41. f3 Nf4 42. Kf2 g5 43. g3 Nd5 44. Ndc3 Nb4 45. Ke2 Nc6 46. Kd3
Nd4 47. Nd2 1-0

[Event "IV Weekend B"]
[Site "Recco ITA"]
[Date "2010.11.26"]
[Round "1"]
[White "Ruo, Valentina"]
[Black "Penna, Tommaso"]
[Result "0-1"]
[WhiteElo "1428"]
[BlackElo "1733"]
[PlyCount "114"]
[EventDate "2010.11.26"]

1. e4 Nf6 2. Nc3 d5 3. d3 dxe4 4. dxe4 Qxd1+ 5. Nxd1 Nxe4 6. Bd3 Nc5 7. Nf3
Nxd3+ 8. cxd3 Nc6 9. Bf4 Bg4 10. Ne5 Nxe5 11. Bxe5 O-O-O 12. O-O f6 13. Bg3 e5
14. f3 Bc5+ 15. Kh1 Bf5 16. Bf2 Bxd3 17. Re1 Bd4 18. h3 Rhe8 19. Rc1 Bg6 20.
Rf1 e4 21. Nc3 Bxf2 22. Rxf2 e3 23. Re2 Rd2 24. Rxd2 exd2 25. Rd1 Re1+ 26. Kh2
Rxd1 27. Nxd1 Bc2 28. Nf2 d1=Q 29. Nxd1 Bxd1 30. b4 b5 31. Kg1 c5 32. bxc5 a5
33. Kf2 Kc7 34. Ke3 Bc2 35. Kd4 Kc6 36. Kc3 Bg6 37. Kb3 Kxc5 38. a3 Bf7+ 39.
Kb2 Kd4 40. g4 Ke3 41. Kc3 Kxf3 42. Kd4 b4 43. axb4 axb4 44. Kd3 b3 45. Kc3 Kg3
46. h4 Kxg4 47. h5 Kxh5 48. Kb2 f5 49. Kc1 f4 50. Kd1 g5 51. Kc1 f3 52. Kd2 g4
53. Ke3 f2 54. Ke2 g3 55. Kf3 f1=Q+ 56. Kxg3 Bd5 57. Kh2 Qg2# 0-1

[Event "IV Weekend B"]
[Site "Recco ITA"]
[Date "2010.11.26"]
[Round "1"]
[White "Saffioti, Massimo"]
[Black "Spinetta, Gianni"]
[Result "1-0"]
[WhiteElo "1828"]
[BlackElo "1604"]
[PlyCount "82"]
[EventDate "2010.11.26"]

1. c4 Nf6 2. Nc3 e6 3. e4 d6 4. d4 Nc6 5. Nf3 Be7 6. Be2 O-O 7. d5 Nb8 8. O-O
e5 9. h3 Nbd7 10. Be3 b6 11. b4 Bb7 12. Qc2 Nb8 13. Rac1 Na6 14. a3 Rc8 15. Nh2
Nb8 16. Nb5 Nbd7 17. Nxa7 Ra8 18. Nb5 Ba6 19. a4 Ne8 20. Ng4 Bg5 21. f4 exf4
22. Bxf4 Bxf4 23. Rxf4 Ndf6 24. c5 Nxg4 25. Bxg4 Bxb5 26. axb5 Nf6 27. Qc3 Re8
28. Re1 Qe7 29. cxb6 cxb6 30. Qd4 h6 31. Rc1 Nxe4 32. Re1 Qh4 33. Rfxe4 Rxe4
34. Qxe4 Qg5 35. Qf5 Qd2 36. Rf1 f6 37. Qe6+ Kh8 38. Qxd6 Qd4+ 39. Kh1 Qd3 40.
Rd1 Qxb5 41. Qc6 Qxb4 1-0

[Event "IV Weekend B"]
[Site "Recco ITA"]
[Date "2010.11.26"]
[Round "1"]
[White "Squarci, Franco"]
[Black "Creola, Aurelio"]
[Result "1-0"]
[WhiteElo "1796"]
[BlackElo "1501"]
[PlyCount "123"]
[EventDate "2010.11.26"]

1. d4 g6 2. Nf3 Bg7 3. e4 d6 4. Be2 b6 5. O-O Bb7 6. d5 Nd7 7. c3 a6 8. Be3
Ngf6 9. Nbd2 c5 10. h3 h6 11. Nh2 g5 12. f4 gxf4 13. Bxf4 Ne5 14. Bxe5 dxe5 15.
Ng4 Nh7 16. Nf3 f6 17. Nh4 Rg8 18. Nf5 Bc8 19. Ngxh6 Bxh6 20. Bh5+ Kf8 21. Nxh6
Rg7 22. Nf5 Bxf5 23. Rxf5 Ng5 24. Qd3 Rh7 25. Bg4 Kg7 26. Rd1 Qd6 27. Qe3 Rg8
28. Rf2 Kh8 29. Kf1 Rh4 30. g3 Rh7 31. h4 Nf7 32. Be6 Rhg7 33. Bxf7 Rf8 34. c4
a5 35. Ke2 Rfxf7 36. Rf5 Rf8 37. Qf3 Qd7 38. Rf1 Qa4 39. Qc3 Qb4 40. R1f3 Rg4
41. Qxb4 Rxe4+ 42. Re3 Rxe3+ 43. Kxe3 axb4 44. d6 exd6 45. Rxf6 Rd8 46. Ke4 Kg7
47. Rf5 Ra8 48. Kd5 e4 49. Kxe4 Rxa2 50. Rf2 Ra1 51. Rd2 Re1+ 52. Kf5 Re5+ 53.
Kf4 Re6 54. Rd5 Rf6+ 55. Kg4 Kf7 56. Rf5 Ke6 57. Rxf6+ Kxf6 58. Kf4 Ke6 59. Ke4
d5+ 60. cxd5+ Kd6 61. h5 Ke7 62. h6 1-0

[Event "IV Weekend B"]
[Site "Recco ITA"]
[Date "2010.11.26"]
[Round "1"]
[White "Tagliano, Maurizio"]
[Black "Croci, Luigi"]
[Result "1-0"]
[WhiteElo "1833"]
[BlackElo "1615"]
[PlyCount "80"]
[EventDate "2010.11.26"]

1. Nf3 Nf6 2. d4 d5 3. c4 Bf5 4. Nc3 e6 5. g3 Be7 6. Bg2 c6 7. O-O dxc4 8. Re1
Ne4 9. Ne5 Nxc3 10. bxc3 h6 11. e4 Bh7 12. Nxc4 O-O 13. Bf4 Na6 14. Qb3 b6 15.
Rad1 Nc7 16. Ne5 Qe8 17. c4 f6 18. Nd3 Rc8 19. a4 Qd7 20. Be3 Rcd8 21. f4 Rfe8
22. Kh1 Bf8 23. Bf3 Bg6 24. e5 f5 25. Rg1 Qf7 26. Bxc6 Re7 27. Ne1 Bh5 28. Bf3
Bxf3+ 29. Nxf3 Red7 30. g4 fxg4 31. Rxg4 Qf5 32. Rg3 Qe4 33. Qd3 Qc6 34. Qg6
Kh8 35. f5 Qxc4 36. f6 Ne8 37. f7 Qxa4 38. Rdg1 Re7 39. Bg5 Rxf7 40. Qxf7 hxg5
1-0

[Event "IV Weekend B"]
[Site "Recco ITA"]
[Date "2010.11.26"]
[Round "1"]
[White "Vaselli, Luciano"]
[Black "Grieco, Claudio"]
[Result "1-0"]
[WhiteElo "1732"]
[BlackElo "1419"]
[PlyCount "140"]
[EventDate "2010.11.26"]

1. d4 d5 2. c4 Nf6 3. Nc3 e6 4. Nf3 Nbd7 5. e3 Be7 6. Bd3 dxc4 7. Bxc4 Nb6 8.
Bd3 Bd7 9. O-O O-O 10. e4 Bc6 11. Bf4 Re8 12. Rc1 Rc8 13. Bb1 Bb4 14. Ne5 Bd7
15. Nxd7 Qxd7 16. e5 Nfd5 17. Bg3 h6 18. Qd3 g6 19. Ne4 c6 20. h4 Be7 21. h5
Nb4 22. Qd2 Kg7 23. hxg6 fxg6 24. Nd6 Bxd6 25. exd6 N4d5 26. Be5+ Kh7 27. Qc2
Qf7 28. a4 Nd7 29. f4 Ne3 30. Qe2 Nxf1 31. Rxf1 Rg8 32. Rf3 Rcd8 33. Rh3 Nxe5
34. fxe5 Qf4 35. Qd3 Qc1+ 36. Kh2 Qg5 37. Ba2 Qf4+ 38. Qg3 Qf7 39. Qh4 h5 40.
Rf3 Qd7 41. Rf6 Rde8 42. Qh3 Qg7 43. Bxe6 Rgf8 44. Bd7 Rd8 45. Rxf8 Qxf8 46.
Be6 Qf4+ 47. Qg3 Qxd4 48. Qg5 Rh8 49. Bf7 Qd3 50. d7 Qf5 51. Qxf5 gxf5 52. e6
Kg7 53. e7 Kxf7 54. d8=Q Re8 55. Qd3 Kf6 56. Qd4+ Kxe7 57. Qg7+ Kd6 58. Qf6+
Kc7 59. Qxf5 Kb6 60. Qxh5 a6 61. g4 Re2+ 62. Kg3 Rxb2 63. Qf7 Rb1 64. Qf2+ Kc7
65. Qf4+ Kd7 66. Qd4+ Ke7 67. g5 Rc1 68. Qf4 Kd7 69. Qxc1 Ke7 70. Qf1 a5 1-0

[Event "IV Weekend B"]
[Site "Recco ITA"]
[Date "2010.11.27"]
[Round "2"]
[White "Bardone, Lorenzo"]
[Black "Migliorini, Matteo"]
[Result "1/2-1/2"]
[WhiteElo "1835"]
[BlackElo "1789"]
[PlyCount "51"]
[EventDate "2010.11.26"]

1. e4 e5 2. Nf3 Nc6 3. Bb5 a6 4. Bxc6 dxc6 5. O-O Qd6 6. Na3 Be6 7. Qe2 f6 8.
Rd1 Bg4 9. c3 O-O-O 10. d4 Ne7 11. Be3 Qe6 12. dxe5 Rxd1+ 13. Qxd1 fxe5 14. Ng5
Bxd1 15. Nxe6 Bg4 16. Ng5 Ng6 17. Nf7 Rg8 18. Nc4 Bd6 19. Nfxd6+ cxd6 20. Nxd6+
Kc7 21. Nc4 b5 22. Na5 Rd8 23. Nb3 Nf8 24. f3 Bc8 25. Bg5 Re8 26. Rd1 1/2-1/2

[Event "IV Weekend B"]
[Site "Recco ITA"]
[Date "2010.11.27"]
[Round "2"]
[White "Bario, Emilio"]
[Black "Saffioti, Massimo"]
[Result "1-0"]
[WhiteElo "1694"]
[BlackElo "1828"]
[PlyCount "97"]
[EventDate "2010.11.26"]

1. d4 d5 2. e3 e6 3. c4 c5 4. Nc3 Nf6 5. Nf3 Nc6 6. Bd3 Be7 7. O-O a6 8. b3 Qc7
9. Bb2 O-O 10. Rc1 b6 11. cxd5 exd5 12. dxc5 b5 13. Ne2 Bg4 14. Ned4 Nb4 15.
Bb1 Bh5 16. a3 Nc6 17. b4 Ne5 18. Nf5 Nc4 19. Nxe7+ Qxe7 20. Bxf6 Qxf6 21. Qxd5
Bxf3 22. gxf3 Rfd8 23. Qh5 g6 24. Qh3 Nd2 25. Be4 Nxf1 26. Bxa8 Nxe3 27. fxe3
Qb2 28. Re1 Rxa8 29. Qd7 Qf6 30. Qd4 Qg5+ 31. Qg4 Qd5 32. Qe4 Qxe4 33. fxe4 Kf8
34. Rd1 Ke7 35. Kf2 a5 36. h4 axb4 37. axb4 Ra6 38. e5 Re6 39. Rd5 f6 40. exf6+
Rxf6+ 41. Ke2 Rc6 42. e4 Ke6 43. Ke3 h6 44. Kd4 Ra6 45. Re5+ Kf7 46. Kd5 Ra4
47. c6 Rxb4 48. Kc5 Rc4+ 49. Kxb5 1-0

[Event "IV Weekend B"]
[Site "Recco ITA"]
[Date "2010.11.27"]
[Round "2"]
[White "Buselli, Claudio"]
[Black "Brugnolo, Paolo"]
[Result "1-0"]
[WhiteElo "1677"]
[BlackElo "1493"]
[PlyCount "84"]
[EventDate "2010.11.26"]

1. d4 d5 2. c4 Nf6 3. Nc3 dxc4 4. e3 e6 5. Bxc4 Be7 6. Nf3 Nbd7 7. O-O Nb6 8.
Bd3 Bd7 9. Qe2 Bc6 10. Rd1 a6 11. Ne5 Bd5 12. e4 Bc6 13. Nxc6 bxc6 14. Bc2 Qc8
15. Bf4 O-O 16. Qd3 Qb7 17. e5 g6 18. exf6 Bxf6 19. Qe3 Nd5 20. Nxd5 cxd5 21.
Bb3 Bg7 22. Rac1 c6 23. Qc3 Rfc8 24. Qa5 Bf8 25. Be3 Bb4 26. Qa4 a5 27. Bc2 Bd6
28. Qb3 Qe7 29. a3 Qh4 30. g3 Qe7 31. Qc3 f5 32. Ba4 Ra6 33. Qd2 Qd8 34. Rc3 e5
35. Rdc1 exd4 36. Bxd4 Be7 37. Qe2 Rca8 38. Qe5 Qf8 39. Qh8+ Kf7 40. Qxh7+ Ke8
41. Qxg6+ Kd8 42. Bb6+ Kd7 1-0

[Event "IV Weekend B"]
[Site "Recco ITA"]
[Date "2010.11.27"]
[Round "2"]
[White "Cavatorta, Ivan"]
[Black "Franchetti Pardo, Niccolo'"]
[Result "1/2-1/2"]
[WhiteElo "1815"]
[BlackElo "1467"]
[PlyCount "42"]
[EventDate "2010.11.26"]

1. e4 e6 2. d4 d5 3. e5 c5 4. c3 Nc6 5. Nf3 Bd7 6. Be2 cxd4 7. cxd4 Be7 8. g4
Bb4+ 9. Bd2 f6 10. Bxb4 Nxb4 11. Nc3 Nh6 12. exf6 gxf6 13. a3 Nc6 14. Qd2 Nf7
15. Qe3 Qe7 16. Nb5 O-O-O 17. Qf4 e5 18. dxe5 Nfxe5 19. Qe3 Nxf3+ 20. Bxf3
Qxe3+ 21. fxe3 Be8 1/2-1/2

[Event "IV Weekend B"]
[Site "Recco ITA"]
[Date "2010.11.27"]
[Round "2"]
[White "Cecchi, Giuseppe"]
[Black "Gandolfi, Gianfranco"]
[Result "0-1"]
[WhiteElo "1762"]
[BlackElo "1848"]
[PlyCount "62"]
[EventDate "2010.11.26"]

1. d4 Nf6 2. c4 e6 3. Nc3 d5 4. Nf3 c5 5. e3 Nc6 6. Be2 Be7 7. O-O O-O 8. b3 b6
9. Bb2 Bb7 10. Rc1 Rc8 11. Rc2 cxd4 12. Nxd4 Nxd4 13. Qxd4 dxc4 14. Qxd8 Rfxd8
15. Bxc4 Ne4 16. Rfc1 Bf6 17. Nd1 Bxb2 18. Nxb2 Rd2 19. Bd3 Rdxc2 20. Rxc2 Rxc2
21. Bxc2 Nc3 22. a4 Kf8 23. Kf1 Ke7 24. Ke1 Bxg2 25. Nd3 Be4 26. Kd2 Nd5 27.
Bd1 Bxd3 28. Kxd3 Kd6 29. f3 h6 30. h4 Kc5 31. h5 g5 0-1

[Event "IV Weekend B"]
[Site "Recco ITA"]
[Date "2010.11.27"]
[Round "2"]
[White "Chiappini, Massimo"]
[Black "Neuhold, Piero"]
[Result "1/2-1/2"]
[WhiteElo "1434"]
[BlackElo "1638"]
[PlyCount "76"]
[EventDate "2010.11.26"]

1. d4 d5 2. Nf3 Nf6 3. c4 g6 4. g3 Bg7 5. Bg2 dxc4 6. Qa4+ Nbd7 7. Ne5 c6 8.
Nxd7 Nxd7 9. Qxc4 Nb6 10. Qc2 Qxd4 11. O-O O-O 12. Nd2 Be6 13. Nf3 Qc4 14. Qxc4
Nxc4 15. e4 b6 16. Rb1 Ne5 17. Nxe5 Bxe5 18. b3 f5 19. f4 Bg7 20. e5 Bd5 21.
Bxd5+ cxd5 22. Ba3 Rfe8 23. Rbc1 e6 24. Rc7 Bf8 25. Bd6 Red8 26. Bxf8 Rxf8 27.
Rfc1 Rf7 28. Rc8+ Rxc8 29. Rxc8+ Kg7 30. Rc6 Re7 31. Kf2 Kf7 32. Ke3 Ke8 33.
Kd4 Kd7 34. Rd6+ Kc7 35. b4 Kb7 36. b5 h6 37. h3 Kc7 38. a4 Kb7 1/2-1/2